[Event "SG Bochum 1 - SG Porz 1"]
[Site "Oberliga NRW 2018/2019"]
[Date "2019.02.17"]
[Round "6.5"]
[White "Fieberg, Samuel"]
[Black "Koellner, Ruben Gideon"]
[Result "0-1"]
[WhiteElo "2173"]
[BlackElo "2245"]
[Annotator "Daniel"]
[PlyCount "146"]
[EventDate "2019.??.??"]
[WhiteTeam "SG Porz 1"]
[BlackTeam "SG Bochum 1"]

1. e4 d6 2. d4 Nf6 3. Nc3 e5 4. dxe5 dxe5 5. Qxd8+ Kxd8 6. Bc4 Be6 7. Bxe6 fxe6
8. f3 Bd6 9. Nh3 Ke7 10. Be3 a6 11. Nf2 Nbd7 12. O-O-O b5 13. Nd3 Rhb8 14. b3
Rc8 15. Nb1 c5 16. c4 Nb8 17. Nc3 Nc6 18. cxb5 Nd4 19. b6 Rab8 20. Nb2 Rxb6 21.
Nc4 Rbc6 22. Kb2 Bc7 23. Na4 h6 24. Bf2 Nd7 25. h4 Kf7 26. Kb1 Rb8 27. Nab2 Ke7
28. h5 a5 29. Na4 Ra6 30. Rd3 Ra7 31. Bg3 Rab7 32. Rc1 Rb5 33. Na3 R5b7 34. Ka1
Bd6 35. Nc4 Bc7 36. Be1 Ra8 37. Bc3 Ra6 38. Bb2 Ra8 39. Ba3 Rb5 40. Ne3 Bd6 41.
Nc4 Bc7 42. f4 Ke8 43. Nxe5 Nxe5 44. fxe5 Bxe5 45. Kb1 Ne2 46. Rxc5 Rxc5 47.
Nxc5 Nc3+ 48. Kc2 Nb5 49. Bb2 Rc8 50. Bxe5 Rxc5+ 51. Bc3 Nxc3 52. Rxc3 Rg5 53.
g3 Rxh5 54. a4 Kd7 55. Kd3 Rg5 56. Kc4 Kc6 57. b4 axb4 58. Kxb4+ Kb6 59. Ra3
Re5 60. Re3 $11 h5 61. Kc4 Ka5 62. Kd4 Rg5 63. e5 Kb4 64. Rf3 Rg4+ 65. Ke3 Kxa4
66. Kf2 Kb5 67. Rf7 Kc6 68. Ra7 Kd5 69. Ra5+ Ke4 70. Ra4+ Kf5 71. Ra7 g6 72.
Kf3 Kxe5 73. Ra5+ Kf6 0-1

[Event "SG Bochum 1 - SG Porz 1"]
[Site "Oberliga NRW 2018/2019"]
[Date "2019.02.17"]
[Round "6.6"]
[White "Hengelbrock, Joachim"]
[Black "Wagenknecht, Uwe"]
[Result "1/2-1/2"]
[WhiteElo "2249"]
[BlackElo "2165"]
[PlyCount "34"]
[EventDate "2019.??.??"]
[WhiteTeam "SG Bochum 1"]
[BlackTeam "SG Porz 1"]

1. e4 c5 2. Nc3 Nc6 3. Bb5 Nd4 4. Bc4 e6 5. Nf3 a6 6. Nxd4 cxd4 7. Ne2 b5 8.
Bb3 Bb7 9. d3 Qb6 10. O-O Ne7 11. Nf4 g6 12. Bd2 a5 13. a4 b4 14. Qg4 h5 15.
Qg3 Bg7 16. f3 Rc8 17. Ne2 Rc5 1/2-1/2

[Event "SG Bochum 1 - SG Porz 1"]
[Site "Oberliga NRW 2018/2019"]
[Date "2019.02.17"]
[Round "6.7"]
[White "Suvorov, Luca"]
[Black "Werthebach, Felix"]
[Result "1-0"]
[WhiteElo "2156"]
[BlackElo "2139"]
[PlyCount "41"]
[EventDate "2019.??.??"]
[WhiteTeam "SG Porz 1"]
[BlackTeam "SG Bochum 1"]

1. d4 f5 2. c4 Nf6 3. Nc3 d6 4. Nf3 g6 5. g3 Bg7 6. Bg2 O-O 7. O-O Qe8 8. Re1
Qf7 9. e4 fxe4 10. Nxe4 Qxc4 11. Nxf6+ exf6 12. Re7 Rf7 13. Nd2 Qb5 14. a4 Qf5
15. Qb3 Be6 16. Rxe6 Nc6 17. Qxb7 Raf8 18. Qxc6 Qxe6 19. Bd5 Qe1+ 20. Nf1 f5
21. Qc3 1-0

[Event "SG Bochum 1 - SG Porz 1"]
[Site "Oberliga NRW 2018/2019"]
[Date "2019.02.17"]
[Round "6.8"]
[White "Wuebker, Paul-Luca"]
[Black "Thalwitzer, David"]
[Result "0-1"]
[WhiteElo "2079"]
[BlackElo "2113"]
[PlyCount "44"]
[EventDate "2019.??.??"]
[WhiteTeam "SG Bochum 1"]
[BlackTeam "SG Porz 1"]

1. d4 Nf6 2. c4 c5 3. d5 b5 4. cxb5 a6 5. bxa6 g6 6. Nc3 Bxa6 7. e4 Bxf1 8.
Kxf1 d6 9. Nf3 Bg7 10. g3 O-O 11. Kg2 Nbd7 12. h4 Qa5 13. Bd2 Rfb8 14. b3 Qa6
15. Rb1 h5 16. Qf1 Ng4 17. Qxa6 Rxa6 18. Rb2 Nge5 19. Ne1 Nc4 20. Bc1 Nxb2 21.
Bxb2 c4 22. Na4 Rxa4 0-1

[Event "SK Münster 1 - SF Gerresheim 1"]
[Site "Oberliga NRW 2018/2019"]
[Date "2019.02.17"]
[Round "6.1"]
[White "Dresen, Ulrich"]
[Black "Holtel, Jasper"]
[Result "1/2-1/2"]
[WhiteElo "2196"]
[BlackElo "2206"]
[Annotator "Daniel"]
[PlyCount "61"]
[EventDate "2019.??.??"]
[WhiteTeam "SF Gerresheim 1"]
[BlackTeam "SK Münster 1"]

1. d4 Nf6 2. Bf4 g6 3. c4 Bg7 4. Nc3 d5 5. e3 O-O 6. Rc1 Be6 7. Qb3 c5 8. Nf3
dxc4 9. Bxc4 Bxc4 10. Qxc4 cxd4 11. exd4 Nc6 12. O-O Rc8 13. Rfd1 Nh5 14. Be3
Nxd4 15. Qa4 Nxf3+ 16. gxf3 Qe8 17. Qxa7 Bxc3 18. bxc3 Qc6 19. Kg2 e5 20. Rb1
e4 21. Qxb7 exf3+ 22. Kh1 Qxb7 23. Rxb7 Rxc3 24. a4 Ra3 25. Bc5 Rxa4 26. Bxf8
Kxf8 27. Rb3 Rf4 $11 28. Rdd3 Ra4 29. Rxf3 Kg7 30. h3 h6 31. Ra3 1/2-1/2

[Event "SK Münster 1 - SF Gerresheim 1"]
[Site "Oberliga NRW 2018/2019"]
[Date "2019.02.17"]
[Round "6.2"]
[White "Wolter, Kai"]
[Black "Volkov, Mykyta"]
[Result "1/2-1/2"]
[WhiteElo "2251"]
[BlackElo "2138"]
[PlyCount "92"]
[EventDate "2019.??.??"]
[WhiteTeam "SK Münster 1"]
[BlackTeam "SF Gerresheim 1"]

1. e4 e6 2. Nf3 d5 3. exd5 exd5 4. d4 Nf6 5. Bd3 Bd6 6. Qe2+ Qe7 7. Qxe7+ Bxe7
8. O-O O-O 9. Re1 Re8 10. Bf4 c6 11. Nbd2 Be6 12. h3 h6 13. c3 Nbd7 14. Re2 Nb6
15. Bc2 Nc8 16. Rae1 Nd6 17. Ne5 Bf8 18. Ng6 fxg6 19. Rxe6 Kf7 20. Rxe8 Rxe8
21. Rxe8 Ndxe8 22. h4 Bd6 23. Bxd6 Nxd6 24. g3 g5 25. hxg5 hxg5 26. Nf3 Nfe4
27. Bxe4 Nxe4 28. Kf1 Kf6 29. g4 Ke6 30. Ke2 Kf6 31. Ne5 Nd6 32. Kd3 Ke6 33. b3
Ne4 34. f3 Nf2+ 35. Ke3 Nd1+ 36. Kd2 Nf2 37. Ke2 Nh3 38. Ke3 Nf4 39. b4 Ke7 40.
a4 Ne6 41. a5 Kd6 42. Nd3 b6 43. axb6 axb6 44. f4 gxf4+ 45. Nxf4 Ng5 46. Nh5
Ne6 1/2-1/2

[Event "SK Münster 1 - SF Gerresheim 1"]
[Site "Oberliga NRW 2018/2019"]
[Date "2019.02.17"]
[Round "6.3"]
[White "Liedmann, Dennis"]
[Black "Wilde, Pierre"]
[Result "0-1"]
[WhiteElo "2180"]
[BlackElo "2196"]
[PlyCount "58"]
[EventDate "2019.??.??"]
[WhiteTeam "SF Gerresheim 1"]
[BlackTeam "SK Münster 1"]

1. d4 e6 2. Nf3 c5 3. e3 Nf6 4. Bd3 b6 5. O-O Be7 6. b3 O-O 7. Bb2 Nc6 8. c4
cxd4 9. exd4 d5 10. Nbd2 Bb7 11. Rc1 Rc8 12. Qe2 Re8 13. Rfe1 Bf8 14. c5 bxc5
15. dxc5 Nd7 16. Ba3 a5 17. Bb1 Rc7 18. Nf1 Nb4 19. Qb5 Qa8 20. Bxb4 axb4 21.
Qxb4 Rxc5 22. Qf4 Nf6 23. Rxc5 Bxc5 24. Rc1 Qa3 25. Ne5 Bd6 26. Rc3 Qb2 27.
Bxh7+ Kxh7 28. Qd4 Bxe5 29. Qxe5 Qxf2+ 0-1

[Event "SK Münster 1 - SF Gerresheim 1"]
[Site "Oberliga NRW 2018/2019"]
[Date "2019.02.17"]
[Round "6.4"]
[White "Muschik, Benedikt"]
[Black "Koehler, Markus"]
[Result "1-0"]
[WhiteElo "2220"]
[BlackElo "2085"]
[PlyCount "109"]
[EventDate "2019.??.??"]
[WhiteTeam "SK Münster 1"]
[BlackTeam "SF Gerresheim 1"]

1. d4 Nf6 2. Bf4 g6 3. e3 Bg7 4. Nf3 O-O 5. Be2 d6 6. O-O Nbd7 7. h3 Qe8 8. Bh2
e5 9. c4 Ne4 10. Nbd2 Nxd2 11. Qxd2 e4 12. Ne1 Qe7 13. Rc1 Re8 14. b4 c6 15. c5
d5 16. b5 f5 17. bxc6 bxc6 18. Qa5 Nf8 19. Rb1 Ne6 20. Qa4 Nd8 21. Rb8 Rxb8 22.
Bxb8 Bd7 23. Qxa7 Ne6 24. Bd6 Qf7 25. f4 exf3 26. Nxf3 Bh6 27. Ne5 Bxe3+ 28.
Kh1 Qg7 29. Qxd7 Qxd7 30. Nxd7 Ra8 31. Nb8 Rxa2 32. Bf3 Nxd4 33. Nxc6 Nxf3 34.
Rxf3 Ra1+ 35. Kh2 Bg1+ 36. Kg3 Rc1 37. Ne7+ Kf7 38. c6 Bb6 39. Rb3 Bc7 40. Bxc7
Kxe7 41. Rb6 g5 42. Be5 Ke6 43. Bb2 Rc2 44. c7+ Kd7 45. Be5 d4 46. Rb8 d3 47.
Rd8+ Ke6 48. c8=Q+ Rxc8 49. Rxc8 Kxe5 50. Kf2 d2 51. Rd8 h5 52. Rxd2 h4 53. Kf3
Ke6 54. Ra2 Ke5 55. Ra6 1-0

[Event "SK Münster 1 - SF Gerresheim 1"]
[Site "Oberliga NRW 2018/2019"]
[Date "2019.02.17"]
[Round "6.5"]
[White "Sapkowski, Wieslaw"]
[Black "Chilla, Jan Eric"]
[Result "0-1"]
[WhiteElo "2027"]
[BlackElo "2206"]
[PlyCount "82"]
[EventDate "2019.??.??"]
[WhiteTeam "SF Gerresheim 1"]
[BlackTeam "SK Münster 1"]

1. e4 e5 2. Nf3 Nc6 3. Bb5 a6 4. Ba4 Nf6 5. O-O Be7 6. Re1 b5 7. Bb3 d6 8. c3
O-O 9. d4 Bg4 10. Bd5 Nxd5 11. exd5 Na5 12. dxe5 dxe5 13. Rxe5 Bf6 14. Re1 Re8
15. Rf1 Nc4 16. a4 Ne5 17. Nbd2 Qxd5 18. h3 Nxf3+ 19. Nxf3 Bxf3 20. Qxf3 Qxf3
21. gxf3 Be5 22. axb5 axb5 23. Be3 Bd6 24. Rfd1 f6 25. Rxa8 Rxa8 26. Rd5 Rb8
27. Bc5 Bxc5 28. Rxc5 Rb7 29. Kf1 Kf7 30. Ke2 Ke6 31. Kd3 Kd6 32. Rh5 h6 33.
Rh4 c5 34. b4 c4+ 35. Ke3 Re7+ 36. Re4 Re5 37. h4 Kd5 38. Rxe5+ Kxe5 39. f4+
Kf5 40. Kd4 h5 41. Kd5 g5 0-1

[Event "SK Münster 1 - SF Gerresheim 1"]
[Site "Oberliga NRW 2018/2019"]
[Date "2019.02.17"]
[Round "6.6"]
[White "Molinaroli, Martin"]
[Black "Yilmaz, Ahmet"]
[Result "1/2-1/2"]
[WhiteElo "2122"]
[BlackElo "1844"]
[Annotator "Daniel"]
[PlyCount "74"]
[EventDate "2019.??.??"]
[WhiteTeam "SK Münster 1"]
[BlackTeam "SF Gerresheim 1"]

1. b3 d5 2. Bb2 Bf5 3. Nf3 e6 4. g3 Nf6 5. Bg2 c5 6. O-O Nc6 7. c4 d4 8. e3 Be7
9. exd4 cxd4 10. Na3 O-O 11. Re1 Qb6 12. Ne5 Rfd8 13. c5 Bxc5 14. Nac4 Qa6 15.
Nxc6 bxc6 16. Ne5 Rac8 17. g4 Bg6 $11 18. h4 Nd5 19. h5 f6 20. hxg6 fxe5 21.
gxh7+ Kh8 22. Rxe5 Qd3 23. Be4 Qb5 24. Qf1 Qb8 25. Rxe6 Nf4 26. Rxc6 Rxc6 27.
Bxc6 Rd6 28. Qb5 Bb6 29. Bf3 a6 30. Qc4 Kxh7 31. Rc1 Qd8 32. Be4+ Kh6 33. Bf3
Qh4 34. Rf1 Nh3+ 35. Kg2 Nf4+ 36. Kg1 Nh3+ 37. Kg2 Nf4+ 1/2-1/2

[Event "SK Münster 1 - SF Gerresheim 1"]
[Site "Oberliga NRW 2018/2019"]
[Date "2019.02.17"]
[Round "6.7"]
[White "Maisels, Victor"]
[Black "Seegers, Hendrik"]
[Result "1/2-1/2"]
[WhiteElo "1937"]
[BlackElo "2062"]
[PlyCount "68"]
[EventDate "2019.??.??"]
[WhiteTeam "SF Gerresheim 1"]
[BlackTeam "SK Münster 1"]

1. e4 d5 2. exd5 Nf6 3. Nc3 Nxd5 4. Nxd5 Qxd5 5. Nf3 Bg4 6. Be2 c5 7. c4 Qd7 8.
Ne5 Bxe2 9. Qxe2 Qe6 10. O-O Nc6 11. Re1 Qxe5 12. Qxe5 Nxe5 13. Rxe5 e6 14. d3
Bd6 15. Re4 O-O-O 16. b3 Be7 17. Bb2 Rxd3 18. Bxg7 Rhd8 19. Kf1 Rd1+ 20. Rxd1
Rxd1+ 21. Re1 Rxe1+ 22. Kxe1 Kd7 23. Ke2 Bd6 24. h3 Bf4 25. Kf3 Bd2 26. Bf6 Kd6
27. Ke4 Be1 28. f4 a6 29. a4 Bf2 30. g4 Kc6 31. h4 Kd6 32. h5 Kc6 33. Bc3 Kd6
34. Bf6 Kc6 1/2-1/2

[Event "SK Münster 1 - SF Gerresheim 1"]
[Site "Oberliga NRW 2018/2019"]
[Date "2019.02.17"]
[Round "6.8"]
[White "Schmitzer, Klaus"]
[Black "Pfaff, Jan-Peter"]
[Result "1-0"]
[WhiteElo "2258"]
[BlackElo "1844"]
[PlyCount "43"]
[EventDate "2019.??.??"]
[WhiteTeam "SK Münster 1"]
[BlackTeam "SF Gerresheim 1"]

1. e4 e6 2. d4 d5 3. Nd2 Nf6 4. e5 Nfd7 5. Bd3 c5 6. c3 Nc6 7. Ne2 cxd4 8. cxd4
Qb6 9. Nf3 Bb4+ 10. Kf1 Nf8 11. h4 Bd7 12. Rh3 O-O-O 13. Rg3 g6 14. Bh6 Be8 15.
a3 Be7 16. b4 Kb8 17. Nc3 Ka8 18. Na4 Qc7 19. Rc1 Qb8 20. Bd2 Rc8 21. b5 Nd8
22. Nb6+ 1-0

[Event "SV Erkenschwick 1 - Bahn-SC Wuppertal 1"]
[Site "Oberliga NRW 2018/2019"]
[Date "2019.02.17"]
[Round "6.1"]
[White "Savchenko, Vyacheslav"]
[Black "Willemze, Thomas"]
[Result "0-1"]
[WhiteElo "2359"]
[BlackElo "2368"]
[PlyCount "120"]
[EventDate "2019.??.??"]
[WhiteTeam "Bahn-SC Wuppertal 1"]
[BlackTeam "SV Erkenschwick 1"]

1. e4 g6 2. h4 d5 3. h5 gxh5 4. e5 Bg4 5. Be2 Qd7 6. f3 Bf5 7. Rxh5 Bg6 8. Rh1
Qf5 9. f4 Qxf4 10. Nf3 Nh6 11. Rh3 Ng4 12. Nc3 c6 13. d4 Ne3 14. Qd2 Bh6 15.
Qxe3 Qxe3 16. Bxe3 Bxe3 17. Nd1 Bf4 18. Kf2 f6 19. g3 Bg5 20. Nxg5 fxg5 21. Bh5
O-O+ 22. Ke2 Bxc2 23. Ne3 Be4 24. Bg4 Kg7 25. Be6 Na6 26. g4 Rf4 27. a3 Nc7 28.
Bf5 Rh8 29. Rd1 e6 30. Bxe4 dxe4 31. Rg3 Rhf8 32. Rg2 h6 33. Rh1 Rf3 34. Rgh2
Rh8 35. Rf2 Rxf2+ 36. Kxf2 Rf8+ 37. Ke2 Rf4 38. Rg1 Kg6 39. Nc4 Nd5 40. Nd6 Rf3
41. Rf1 Nf4+ 42. Ke1 Re3+ 43. Kd1 Rd3+ 44. Kc2 Rxd4 45. Re1 Nd3 46. Rd1 Rd5 47.
Nxe4 Nxe5 48. Rf1 Nxg4 49. Rf8 Rd4 50. Nd2 e5 51. Rg8+ Kf7 52. Rh8 Ne3+ 53. Kc3
Kg7 54. Re8 Rd7 55. Rxe5 Nd5+ 56. Kb3 Re7 57. Rf5 Re3+ 58. Kc2 g4 59. Nf1 Re2+
60. Kb3 Ne3 0-1

[Event "SV Erkenschwick 1 - Bahn-SC Wuppertal 1"]
[Site "Oberliga NRW 2018/2019"]
[Date "2019.02.17"]
[Round "6.2"]
[White "Erwich, Frank"]
[Black "Savchenko, Aleksij"]
[Result "0-1"]
[WhiteElo "2324"]
[BlackElo "2289"]
[Annotator "Daniel"]
[PlyCount "80"]
[EventDate "2019.??.??"]
[WhiteTeam "SV Erkenschwick 1"]
[BlackTeam "Bahn-SC Wuppertal 1"]

1. e4 c5 2. Nf3 e6 3. b3 Nf6 4. e5 Nd5 5. g3 Nc6 6. Bg2 g5 7. O-O Bg7 8. d4
cxd4 9. Nxg5 Nxe5 10. Bxd5 exd5 11. f4 h6 12. fxe5 hxg5 13. Qf3 Qe7 14. Qxd5
Bxe5 15. Rxf7 Qe6 16. Qxe6+ dxe6 17. Rf1 d3 18. c3 b5 19. Bxg5 Bb7 20. Bf6 Bxf6
21. Rxf6 Ke7 22. Rf1 $11 Rac8 23. a4 b4 24. c4 e5 $11 25. Nd2 Kd6 26. Rf6+ Kc5
27. a5 Kd4 28. a6 Ba8 29. Rc1 e4 30. Rd6+ Ke3 31. Nf1+ Ke2 32. Ra1 Rcd8 33.
Ra2+ Kd1 34. Rf6 Rhf8 35. Rxf8 Rxf8 36. Rf2 Rd8 37. h4 d2 38. h5 Kc1 39. Nxd2
e3 40. Rf1+ Kxd2 0-1

[Event "SV Erkenschwick 1 - Bahn-SC Wuppertal 1"]
[Site "Oberliga NRW 2018/2019"]
[Date "2019.02.17"]
[Round "6.3"]
[White "Bashilin, Roman"]
[Black "Van Beek, Alexander"]
[Result "1/2-1/2"]
[WhiteElo "2218"]
[BlackElo "2269"]
[Annotator "Daniel"]
[PlyCount "54"]
[EventDate "2019.??.??"]
[WhiteTeam "Bahn-SC Wuppertal 1"]
[BlackTeam "SV Erkenschwick 1"]

1. d4 Nf6 2. Nf3 g6 3. Bf4 Bg7 4. e3 d5 5. h3 O-O 6. Be2 c5 7. c3 Nc6 8. Nbd2
Nd7 9. O-O e5 10. dxe5 Ndxe5 11. Nxe5 Nxe5 12. Nf3 Nc4 13. Qb3 Qb6 14. Bxc4
dxc4 15. Qxb6 axb6 16. Bc7 Ra6 17. e4 $11 b5 18. a3 b4 19. axb4 Rxa1 20. Rxa1
cxb4 21. Bd6 bxc3 22. bxc3 Bxc3 23. Rc1 Rd8 24. Rxc3 Rxd6 25. Rxc4 Bd7 26. Ne5
Be8 27. f4 h5 1/2-1/2

[Event "SV Erkenschwick 1 - Bahn-SC Wuppertal 1"]
[Site "Oberliga NRW 2018/2019"]
[Date "2019.02.17"]
[Round "6.4"]
[White "Langers, Alexander"]
[Black "Ries, Benjamin"]
[Result "0-1"]
[WhiteElo "2206"]
[BlackElo "2264"]
[PlyCount "82"]
[EventDate "2019.??.??"]
[WhiteTeam "SV Erkenschwick 1"]
[BlackTeam "Bahn-SC Wuppertal 1"]

1. e4 c6 2. d4 d5 3. exd5 cxd5 4. c4 Nf6 5. Nc3 e6 6. Nf3 Bb4 7. a3 Bxc3+ 8.
bxc3 O-O 9. Be2 dxc4 10. O-O a6 11. a4 b6 12. Ne5 Bb7 13. Ba3 Re8 14. Nxc4 Ne4
15. Bd3 Nxc3 16. Qc2 Qg5 17. f3 Nd5 18. Nd6 Re7 19. Nxb7 Rc7 20. Qf2 Rxb7 21.
f4 Qf6 22. g4 Nc6 23. Rad1 Kh8 24. Be4 Rd7 25. g5 Qd8 26. Rd3 g6 27. Rc1 Rc8
28. Rh3 f5 29. gxf6 Qxf6 30. Bxd5 exd5 31. Rhc3 Rdd8 32. Kh1 Re8 33. a5 b5 34.
Qg2 Re4 35. Rc5 Rce8 36. Rg1 Re2 37. Qg5 Qxd4 38. Rcc1 Qe4+ 39. Rg2 Qxg2+ 40.
Qxg2 Rxg2 41. Kxg2 Re6 0-1

[Event "SV Erkenschwick 1 - Bahn-SC Wuppertal 1"]
[Site "Oberliga NRW 2018/2019"]
[Date "2019.02.17"]
[Round "6.5"]
[White "Khanukov, Boris"]
[Black "Homs, Guust"]
[Result "1/2-1/2"]
[WhiteElo "2171"]
[BlackElo "2186"]
[Annotator "Daniel"]
[PlyCount "72"]
[EventDate "2019.??.??"]
[WhiteTeam "Bahn-SC Wuppertal 1"]
[BlackTeam "SV Erkenschwick 1"]

1. d4 d5 2. c4 e6 3. Nc3 Nf6 4. cxd5 Nxd5 5. e4 Nxc3 6. bxc3 c5 7. Nf3 cxd4 8.
cxd4 Bb4+ 9. Bd2 Bxd2+ 10. Qxd2 O-O 11. Bc4 Nc6 12. O-O b6 13. Rfd1 Bb7 14.
Rac1 Rc8 15. d5 exd5 16. Bxd5 Qe7 17. h3 h6 18. Nd4 Nxd4 19. Qxd4 Bxd5 20. exd5
Qd6 21. Rc3 Rxc3 22. Qxc3 Rd8 23. Rd3 Rd7 24. Rg3 f6 25. Rd3 Rc7 26. Qd2 Rc5
27. g3 Kf8 28. h4 Ra5 $11 29. Rd4 Rc5 30. Kg2 Ra5 31. a4 Rc5 32. Qd3 Ra5 33.
Kh2 Rc5 34. Kg2 Ra5 35. Qc4 Rc5 36. Qd3 Ra5 1/2-1/2

[Event "SV Erkenschwick 1 - Bahn-SC Wuppertal 1"]
[Site "Oberliga NRW 2018/2019"]
[Date "2019.02.17"]
[Round "6.6"]
[White "Eggenstein, Frank"]
[Black "Savchenko, Daniel"]
[Result "0-1"]
[WhiteElo "1954"]
[BlackElo "2099"]
[Annotator "Daniel"]
[PlyCount "92"]
[EventDate "2019.??.??"]
[WhiteTeam "SV Erkenschwick 1"]
[BlackTeam "Bahn-SC Wuppertal 1"]

1. e4 c5 2. c3 d5 3. exd5 Qxd5 4. d4 Nf6 5. Nf3 Nc6 6. Be3 cxd4 7. cxd4 e6 8.
Nc3 Qd6 9. Bd3 Be7 10. O-O Nb4 11. Nb5 Qd8 12. Bb1 O-O 13. a3 Nbd5 14. Nc3 b6
15. Bd2 Bb7 16. Re1 Rc8 17. Ne5 Nxc3 18. bxc3 b5 19. Qe2 a6 20. Qd3 $11 g6 21.
Qh3 Qb6 22. Bg5 Rfe8 23. Qh4 Qd8 24. Qh3 Bd5 25. Bh6 Nd7 26. Ng4 f5 27. Ne5
Nxe5 28. Rxe5 Bg5 29. Bxg5 Qxg5 30. Re3 f4 31. Re5 Rxc3 32. Bd3 Qf6 33. Rae1
Rec8 34. Qg4 Rd8 35. Qe2 f3 36. Qd2 Rxa3 37. g3 b4 38. Bf1 a5 39. Bh3 Rd6 40.
Qc1 Rc3 41. Qa1 Ra6 42. Qa4 Rcc6 43. Qb5 Qd8 44. Bg4 Kg7 45. h4 b3 46. h5 Rab6
0-1

[Event "SV Erkenschwick 1 - Bahn-SC Wuppertal 1"]
[Site "Oberliga NRW 2018/2019"]
[Date "2019.02.17"]
[Round "6.7"]
[White "Tueckmantel, Rene"]
[Black "Trzaska, Peter"]
[Result "0-1"]
[WhiteElo "2117"]
[BlackElo "2053"]
[Annotator "Daniel"]
[PlyCount "120"]
[EventDate "2019.??.??"]
[WhiteTeam "Bahn-SC Wuppertal 1"]
[BlackTeam "SV Erkenschwick 1"]

1. e4 c6 2. d4 d5 3. exd5 cxd5 4. Bd3 Nc6 5. c3 Nf6 6. Bf4 g6 7. Nf3 Bg7 8. O-O
O-O 9. Nbd2 Bf5 $11 10. Qe2 Bxd3 11. Qxd3 Qd7 12. Ne5 Qf5 13. Qxf5 gxf5 14.
Nxc6 bxc6 15. f3 Nd7 16. Rfe1 e6 17. a4 c5 18. dxc5 Nxc5 19. Bd6 Rfc8 20. Re2
$11 Nd3 21. Nb3 Rc6 22. Ba3 Rb8 23. Nd4 Bxd4+ 24. cxd4 Nc1 25. Re1 Nb3 26. Rad1
Rbc8 27. Re3 Rc1 28. Rxc1 Rxc1+ 29. Kf2 Nxd4 30. Rc3 Rxc3 31. bxc3 Nc6 32. f4
f6 33. Bc5 Kf7 34. Ke3 e5 35. g3 Ke6 36. Kd3 a6 37. Bb6 h5 38. Bc5 Na5 39. Kc2
Nc4 40. Ba7 Kd6 41. Bb8+ Kc6 42. Ba7 Nb6 43. Bb8 Nd7 44. Ba7 Nc5 45. a5 Kb5 46.
Bb6 Kc4 47. Bd8 exf4 48. gxf4 Ne4 49. Be7 Nxc3 50. Bxf6 Ne4 51. Be5 Nc5 52. Bc3
d4 53. Be1 Kd5 54. Bb4 Ne6 55. Bd2 Ke4 56. Kb3 Nxf4 57. Kc4 Nd5 58. Kc5 f4 59.
Kc6 f3 60. Be1 d3 0-1

[Event "SV Erkenschwick 1 - Bahn-SC Wuppertal 1"]
[Site "Oberliga NRW 2018/2019"]
[Date "2019.02.17"]
[Round "6.8"]
[White "Jungbluth, Rolf"]
[Black "Patscha, Elias"]
[Result "0-1"]
[WhiteElo "1954"]
[BlackElo "1987"]
[PlyCount "46"]
[EventDate "2019.??.??"]
[WhiteTeam "SV Erkenschwick 1"]
[BlackTeam "Bahn-SC Wuppertal 1"]

1. c4 c6 2. Nf3 d5 3. cxd5 cxd5 4. d4 Nf6 5. Nc3 Nc6 6. Qb3 a6 7. Bg5 Na5 8.
Qc2 g6 9. Bxf6 exf6 10. e3 b5 11. Bd3 Bb7 12. h4 Rc8 13. Qe2 h5 14. Nd2 Bb4 15.
Bxb5+ Kf8 16. Bxa6 Bxc3 17. bxc3 Bxa6 18. Qxa6 Rxc3 19. O-O Kg7 20. Qb5 Nc4 21.
Nf3 Qd6 22. Rfb1 Na3 23. Qb4 Rc1+ 0-1

[Event "SV Wattenscheid 1 - SV Dinslaken 1"]
[Site "Oberliga NRW 2018/2019"]
[Date "2019.02.17"]
[Round "6.1"]
[White "Tereick, Benjamin"]
[Black "Koscielski, Janusz"]
[Result "1-0"]
[WhiteElo "2364"]
[BlackElo "2249"]
[PlyCount "91"]
[EventDate "2019.??.??"]
[WhiteTeam "SV Dinslaken 1"]
[BlackTeam "SV Wattenscheid 1"]

1. c4 g6 2. e4 Bg7 3. d4 d6 4. Nc3 Nf6 5. Be2 O-O 6. Be3 c5 7. dxc5 Qa5 8. f3
dxc5 9. e5 Rd8 10. Qa4 Qxa4 11. Nxa4 Nfd7 12. f4 f6 13. O-O-O Nc6 14. Bf3 Nb6
15. Rxd8+ Nxd8 16. Nxc5 fxe5 17. fxe5 Ne6 18. b3 Nxc5 19. Bxc5 Nd7 20. Bxe7
Nxe5 21. Bd5+ Kh8 22. Ne2 Bg4 23. Ng3 Re8 24. Bg5 Nd3+ 25. Kb1 h6 26. Bd2 h5
27. h3 Bc8 28. Kc2 Nc5 29. Re1 Rxe1 30. Bxe1 h4 31. b4 Nd7 32. Ne4 Nb6 33. Bxh4
Bf5 34. Kd3 Na4 35. g4 Nb2+ 36. Kc2 Nxc4 37. gxf5 Ne3+ 38. Kb3 Nxd5 39. fxg6
Be5 40. Nc5 b5 41. Ne6 Bc3 42. Nc7 Nxc7 43. Kxc3 Kg7 44. Kd4 Kxg6 45. Kc5 a6
46. Bg3 1-0

[Event "SV Wattenscheid 1 - SV Dinslaken 1"]
[Site "Oberliga NRW 2018/2019"]
[Date "2019.02.17"]
[Round "6.2"]
[White "Thiel, Thomas"]
[Black "Sielecki, Christof"]
[Result "0-1"]
[WhiteElo "2257"]
[BlackElo "2378"]
[PlyCount "38"]
[EventDate "2019.??.??"]
[WhiteTeam "SV Wattenscheid 1"]
[BlackTeam "SV Dinslaken 1"]

1. d4 d5 2. Bf4 Nf6 3. e3 Bg4 4. f3 Bd7 5. Bg3 c5 6. c3 Nc6 7. Nd2 g6 8. Bd3
Nh5 9. Ne2 Nxg3 10. hxg3 e5 11. dxe5 Nxe5 12. Bc2 Qb6 13. Nf4 Bc6 14. Nb3 O-O-O
15. Kf2 Nc4 16. Rb1 Bg7 17. Re1 d4 18. e4 Nxb2 19. Qc1 dxc3 0-1

[Event "SV Wattenscheid 1 - SV Dinslaken 1"]
[Site "Oberliga NRW 2018/2019"]
[Date "2019.02.17"]
[Round "6.3"]
[White "Strijbos, Maarten"]
[Black "Schiffer, Kai-Uwe"]
[Result "0-1"]
[WhiteElo "2329"]
[BlackElo "2265"]
[PlyCount "124"]
[EventDate "2019.??.??"]
[WhiteTeam "SV Dinslaken 1"]
[BlackTeam "SV Wattenscheid 1"]

1. e4 c5 2. Nf3 e6 3. Nc3 Nc6 4. g3 d5 5. Bg2 d4 6. Ne2 e5 7. d3 Be7 8. O-O Be6
9. h4 f6 10. Nh2 c4 11. f4 cxd3 12. cxd3 Rc8 13. Bd2 Qb6 14. b3 Bb4 15. Bxb4
Qxb4 16. a3 Qxb3 17. Qd2 Qb6 18. Nf3 Qc7 19. Rac1 h6 20. h5 Nge7 21. fxe5 fxe5
22. Nh4 Qd7 23. g4 Bxg4 24. Ng3 Rf8 25. Rf2 Rxf2 26. Qxf2 Qe6 27. Nhf5 Qf6 28.
Qb2 Nd8 29. Qb5+ Rc6 30. Rf1 a6 31. Qa5 Nxf5 32. exf5 Nf7 33. Bxc6+ Qxc6 34.
Ne4 Bxh5 35. f6 g6 36. Qb4 Qd7 37. Rf2 Bd1 38. Kf1 Ba4 39. Ke1 Bc6 40. Rc2 g5
41. Kd2 h5 42. Ng3 h4 43. Nf5 Qd8 44. Ne7 Qd6 45. Qxd6 Nxd6 46. Nxc6 bxc6 47.
Rxc6 Kd7 48. Rxa6 h3 49. Ke2 g4 50. Ra7+ Ke6 51. Rg7 Kxf6 52. Rxg4 Nf5 53. Rg8
h2 54. Rh8 Ng3+ 55. Kf3 h1=Q+ 56. Rxh1 Nxh1 57. a4 Ke6 58. a5 Kd6 59. a6 Kc6
60. Ke4 Ng3+ 61. Kxe5 Ne2 62. Ke4 Kb6 0-1

[Event "SV Wattenscheid 1 - SV Dinslaken 1"]
[Site "Oberliga NRW 2018/2019"]
[Date "2019.02.17"]
[Round "6.4"]
[White "Franke, Johannes"]
[Black "Mundorf, Johannes"]
[Result "1/2-1/2"]
[WhiteElo "2274"]
[BlackElo "2169"]
[PlyCount "33"]
[EventDate "2019.??.??"]
[WhiteTeam "SV Wattenscheid 1"]
[BlackTeam "SV Dinslaken 1"]

1. d4 e6 2. Bf4 f5 3. e3 Nf6 4. Nf3 b6 5. Bd3 Bb7 6. O-O Be7 7. Nbd2 Nh5 8. Ne5
Nxf4 9. exf4 O-O 10. Qe2 Nc6 11. Nxc6 Bxc6 12. Nf3 Bxf3 13. Qxf3 Bf6 14. Rad1
c6 15. Rfe1 Qc7 16. c3 b5 17. Bc2 1/2-1/2

[Event "SV Wattenscheid 1 - SV Dinslaken 1"]
[Site "Oberliga NRW 2018/2019"]
[Date "2019.02.17"]
[Round "6.5"]
[White "Ossig, Rainer"]
[Black "Straeter, Timo"]
[Result "1/2-1/2"]
[WhiteElo "2159"]
[BlackElo "2339"]
[PlyCount "98"]
[EventDate "2019.??.??"]
[WhiteTeam "SV Dinslaken 1"]
[BlackTeam "SV Wattenscheid 1"]

1. Nf3 d5 2. g3 Nc6 3. d4 Bf5 4. Bg2 e6 5. O-O Nf6 6. c3 Be7 7. Nbd2 O-O 8. Re1
h6 9. h3 Ne4 10. Nf1 Bh7 11. N3d2 Bd6 12. Nxe4 dxe4 13. Be3 Qd7 14. Qd2 Rad8
15. Red1 Qe7 16. Bf4 e5 17. dxe5 Bc5 18. Qe1 Nxe5 19. Rxd8 Rxd8 20. Rd1 Bd6 21.
Ne3 c6 22. Qd2 Bc7 23. Qc2 Rxd1+ 24. Qxd1 g5 25. Bxe5 Bxe5 26. Qa4 b5 27. Qa6
Qd7 28. a4 Bg6 29. axb5 cxb5 30. Qa2 Kg7 31. Qd5 Qxd5 32. Nxd5 Bd6 33. g4 a5
34. Kf1 f5 35. f3 fxg4 36. fxg4 Kf7 37. Ne3 Ke6 38. Ke1 Ke5 39. Nf1 Bc5 40. Kd2
b4 41. e3 b3 42. Ke2 a4 43. Nd2 Ba7 44. Kf2 Bc5 45. Ke2 h5 46. Kf2 hxg4 47.
hxg4 Ba7 48. Ke2 Bc5 49. Kf2 Ba7 1/2-1/2